Thiết kế hoạt động ngoại khoá văn học dân gian cho học sinh lớp 10 Trung học Phổ thông : Luận văn Thạc sĩ Giáo dục học chuyên ngành Lí luận và phương pháp dạy học bộ môn Văn và Tiếng Việt
Nội dung luận văn giới thiệu lý thuyết chung về hoạt động ngoại khoá và ngoại khoá môn ngữ Văn trong trường trung học phổ thông. Thiết kế một số hoạt động ngoại khoá văn học dân gian. Thực nghiệm một số hoạt động ngoại khoá văn học dân...
Sparad:
| Huvudupphovsman: | |
|---|---|
| Materialtyp: | Bok |
| Språk: | Undetermined |
| Publicerad: |
Cần Thơ
Trường Đại học Cần Thơ
2009
|
| Ämnen: | |
| Taggar: |
Lägg till en tagg
Inga taggar, Lägg till första taggen!
|
| Thư viện lưu trữ: | Trung tâm Học liệu Trường Đại học Cần Thơ |
|---|
| LEADER | 01420nam a2200229Ia 4500 | ||
|---|---|---|---|
| 001 | CTU_157886 | ||
| 008 | 210402s9999 xx 000 0 und d | ||
| 082 | |a 373.28 | ||
| 082 | |b B312 | ||
| 088 | |a 60140111 | ||
| 100 | |a Đào, Thị Ánh Bình | ||
| 245 | 0 | |a Thiết kế hoạt động ngoại khoá văn học dân gian cho học sinh lớp 10 Trung học Phổ thông : | |
| 245 | 0 | |b Luận văn Thạc sĩ Giáo dục học chuyên ngành Lí luận và phương pháp dạy học bộ môn Văn và Tiếng Việt | |
| 245 | 0 | |c Đào Thị Ánh Bình ; Trần Văn Nam ( hướng dẫn khoa học ) | |
| 260 | |a Cần Thơ | ||
| 260 | |b Trường Đại học Cần Thơ | ||
| 260 | |c 2009 | ||
| 520 | |a Nội dung luận văn giới thiệu lý thuyết chung về hoạt động ngoại khoá và ngoại khoá môn ngữ Văn trong trường trung học phổ thông. Thiết kế một số hoạt động ngoại khoá văn học dân gian. Thực nghiệm một số hoạt động ngoại khoá văn học dân gian. | ||
| 650 | |a High school,Education,Trường phổ thông Trung học,Giáo dục | ||
| 650 | |x Practice,Expermental,Thực hành, thực nghiệm,Thực nghiệm | ||
| 904 | |i QHiếu | ||
| 980 | |a Trung tâm Học liệu Trường Đại học Cần Thơ | ||